000 00489nam a2200181Ia 4500
001 21288
005 20260306172908.0
008 260306t2022||||xx |||||||||||||| ||spa||
041 _aESP
082 _a344.522
_bV66
100 _aVillarreal Bernardo, Jorge Luis
_eAUT
245 0 _aDelitos sexuales:
_banálisis de la doctrina y jurisprudencia: casos prácticos
260 _c2022
300 _a321 páginas :
_c24 cm.
650 _aGEN
654 _aCDE
942 _cLIB
_dJUS
_fJUS
_2ddc
_n
999 _c21288
_d21288